Normal view
MARC view
Entry Personal Name
001 - CONTROL NUMBER
- control field: 11500
003 - CONTROL NUMBER IDENTIFIER
- control field: OSt
005 - DATE AND TIME OF LATEST TRANSACTION
- control field: 20211211095622.0
008 - FIXED-LENGTH DATA ELEMENTS
- fixed length control field: 211211|| aca||aabn | a|a d
040 ## - CATALOGING SOURCE
- Original cataloging agency: OSt
- Transcribing agency: OSt
100 ## - HEADING--PERSONAL NAME
- Personal name: PAUL II (John)
670 ## - SOURCE DATA FOUND
- Source citation: Work cat.: (OSt): John Paul II 11494, Wisdom of John Paul II: The Pope on Life's Most Vital Questions, 1995